| 000 | 00490nam a2200145 a 4500 | ||
|---|---|---|---|
| 001 | 000036044 | ||
| 005 | 20200930074828.0 | ||
| 008 | 111124s1993 dr 000 spa d | ||
| 040 |
_aDO-SdBNP _bspa _cBNPHU |
||
| 082 |
_axxx _bF271 |
||
| 245 | 0 | _aEfecto de diferentes densidades de siembra en peces (carpa espejo) Vs. alimentación suplementaria.. | |
| 260 |
_aSanto Domingo : _bFundación de Desarrollo Agropecuario, _c1993. |
||
| 300 |
_a21 p. ; _c28 cm. |
||
| 590 | _aInventariado, 2019 / DG | ||
| 999 |
_c35535 _d35535 |
||